书目信息 |
| 题名: |
北京尘暴与环境
|
|
| 作者: | 刘艳菊 编著 | |
| 分册: | ||
| 出版信息: | 北京 科学出版社 2017.02 |
|
| 页数: | 276页 | |
| 开本: | 26cm | |
| 丛书名: | ||
| 单 册: | ||
| 中图分类: | P425.5 | |
| 科图分类: | ||
| 主题词: | 沙尘暴--研究--北京 | |
| 电子资源: | ||
| ISBN: | 978-7-03-049243-2 | |
| 000 | 01277nam0 2200229 450 | |
| 001 | 5684 | |
| 005 | 20181020140137.26 | |
| 010 | @a978-7-03-049243-2@dCNY228.00 | |
| 100 | @a20170215d2017 em y0chiy50 ea | |
| 101 | 0 | @achi |
| 102 | @aCN@b110000 | |
| 105 | @aab z 000yy | |
| 200 | 1 | @a北京尘暴与环境@9bei jing chen bao yu huan jing@f刘艳菊等编著 |
| 210 | @a北京@c科学出版社@d2017.02 | |
| 215 | @a276页@c图,照片,地图@d26cm | |
| 304 | @a编著者还有:韩同林、刘清珺、刘庆阳等 | |
| 330 | @a本书分三篇。上篇从沙尘暴的定义、历史记录、负面影响、发生特征、诱发因素、传输路径、来源解析、治理和预报防护等方面综述了沙尘暴研究的历史及现状。中篇从地学角度介绍了尘暴尘源区范围、气候及地质地貌特征;从实验学角度表征了尘源区不同地表类型土壤/粉尘、尘暴降尘的物化及藻类特性并进行相似性分析,并表征尘暴大气颗粒物的污染特征,借助气团传输路径、铅同位素示踪、来源估算等手段,推断内蒙古、河北北部、天津、北京周边对北京尘暴均有一定程度的贡献,证明干盐湖是北京尘暴的重要来源之一。进而表征了包括我国北方、西北和东北地区在内的北京尘暴潜在源区表土的物化特征,提出其土地普遍呈现盐渍化程度重的结论。下篇通过实验等论证了北京尘暴治理的可行性建议。 | |
| 606 | 0 | @a沙尘暴@x研究@y北京 |
| 690 | @aP425.5@v5 | |
| 701 | 0 | @a刘艳菊@9liu yan ju@4编著 |
| 801 | 0 | @aCN@b91MARC@c20170215 |
| 905 | @aMuseLib@dP425.5@e136 | |
| 北京尘暴与环境/刘艳菊等编著.-北京:科学出版社,2017.02 |
| 276页:图,照片,地图;26cm |
| ISBN 978-7-03-049243-2:CNY228.00 |
| 本书分三篇。上篇从沙尘暴的定义、历史记录、负面影响、发生特征、诱发因素、传输路径、来源解析、治理和预报防护等方面综述了沙尘暴研究的历史及现状。中篇从地学角度介绍了尘暴尘源区范围、气候及地质地貌特征;从实验学角度表征了尘源区不同地表类型土壤/粉尘、尘暴降尘的物化及藻类特性并进行相似性分析,并表征尘暴大气颗粒物的污染特征,借助气团传输路径、铅同位素示踪、来源估算等手段,推断内蒙古、河北北部、天津、北京周边对北京尘暴均有一定程度的贡献,证明干盐湖是北京尘暴的重要来源之一。进而表征了包括我国北方、西北和东北地区在内的北京尘暴潜在源区表土的物化特征,提出其土地普遍呈现盐渍化程度重的结论。下篇通过实验等论证了北京尘暴治理的可行性建议。 |
| ● |
| 相关链接 |
|
|
|
|
正题名:北京尘暴与环境
索取号:P425.5/136
 
预约/预借
| 序号 | 登录号 | 条形码 | 馆藏地/架位号 | 状态 | 备注 |
| 1 | 1130812 | 211308128 | 第二样本阅览室/ [索取号:P425.5/136] | 在馆 | |
| 2 | 1130813 | 211308137 | 第三借阅区/ [索取号:P425.5/136] | 在馆 |